Geography Quiz

Random Geography or Blitz Quiz

North American Country A-Z Blitz Quiz Stats

 Plays Quiz Updated Jul 22, 2016

Challenge
Share
Tweet
Embed
Score 0/14 Timer 01:00
11 Plays Today
A-Z Country % Correct
CCuba ...
98.3%
UUnited States
89.4%
HHaiti ...
85.7%
BBelize ...
85.4%
MMexico
84.6%
JJamaica
80.2%
DDominica ...
74.4%
A-Z Country % Correct
GGrenada ...
74%
PPanama
71%
NNicaragua
66%
EEl Salvador
61.6%
AAntigua and Barbuda
55.8%
SSaint Lucia ...
53.5%
TTrinidad and Tobago
52.7%

You're not logged in!

Compare scores with friends on all Sporcle quizzes.
Join for Free
OR
Log In

You Might Also Like...

Show Comments

Extras

Top Quizzes Today


Score Distribution

Your Account Isn't Verified!

In order to create a playlist on Sporcle, you need to verify the email address you used during registration. Go to your Sporcle Settings to finish the process.

Report this User

Report this user for behavior that violates our Community Guidelines.

Details: